Metodología para la evaluación y determinación del nivel de desempeño global del edificio de concreto y aplicación del método de análisis estático no lineal al edificio Baltodano
Presenta un estudio de la vulnerabilidad y riesgo sísmico de las edificaciones evalúa el desempeño y la vulnerabilidad sísmica de un edificio a base de marcos de concreto de la ciudad de Managua, localizado en una zona con elevado potencial sísmica el cual soberbio al terremoto de 1972.
| Main Author: | |
|---|---|
| Other Authors: | |
| Format: | Tesis Section = Libro |
| Language: | Undetermined Spanish |
| Published: |
Managua
UNI
2005
|
| Subjects: |
| LEADER | 01379nam a2200265Ia 4500 | ||
|---|---|---|---|
| 008 | 240830s9999 xx 000 0 und d | ||
| 040 | |a BIBLIOTECA-RUPAP Mon 551.22 F634 | ||
| 041 | |a spa | ||
| 082 | |a Mon 551.22 F634 | ||
| 100 | 1 | |a Flores Flores, Verónica Mercedes | |
| 245 | 1 | 0 | |a Metodología para la evaluación y determinación del nivel de desempeño global del edificio de concreto y aplicación del método de análisis estático no lineal al edificio Baltodano |
| 260 | |a Managua |b UNI |c 2005 | ||
| 300 | |a 108 p. :il. | ||
| 500 | |a Contiene: glosario.s. | ||
| 502 | |a Tesis (Ingeniero Civil)- UNI, 2005. | ||
| 520 | 3 | |a Presenta un estudio de la vulnerabilidad y riesgo sísmico de las edificaciones evalúa el desempeño y la vulnerabilidad sísmica de un edificio a base de marcos de concreto de la ciudad de Managua, localizado en una zona con elevado potencial sísmica el cual soberbio al terremoto de 1972. | |
| 650 | 7 | |a SISMOS - VULNERABILIDAD SISMICA - EDIFICIO BALTODANO | |
| 650 | 7 | |b ESTUDIO DE VULNERABILIDAD - RIESGO SISMICO - EDIFICIOS | |
| 650 | 7 | |c CONFIGURACION ARQUITECTONICA - ESTRUCTURAL | |
| 650 | 7 | |d PROCEDIMIENTOS DE ANALISIS ESTATICO - NO LINEAL - ATC-40 | |
| 650 | 7 | |e EDIFICIOS DE CONCRETO - METODO DE ANALISIS ESTATICO | |
| 700 | 1 | |a Tutor: |b Jarquín Montalván, Yader Andrés | |
| 942 | |c BK |2 ddc | ||
| 991 | |a TESIS | ||
| 999 | |c 15632 | ||